Molecular panbiogeography of the tropics (Record no. 140388)
[ view plain ]
| 000 -LEADER | |
|---|---|
| fixed length control field | 01352nam a2200349 a 4500 |
| 100 1# - MAIN ENTRY--AUTHOR NAME | |
| Personal name | Heads, Michael J. |
| 245 10 - TITLE STATEMENT | |
| Title | Molecular panbiogeography of the tropics |
| 260 ## - PUBLICATION, DISTRIBUTION, ETC. (IMPRINT) | |
| Place of publication | Berkeley : |
| Name of publisher | University of California Press, |
| Year of publication | c2012. |
| 300 ## - PHYSICAL DESCRIPTION | |
| Number of Pages | ix, 565 p. : |
| Other physical details | maps. |
| 490 1# - SERIES STATEMENT | |
| Series statement | Species and systematics |
| 650 #0 - SUBJECT ADDED ENTRY--TOPICAL TERM | |
| Topical Term | Biogeography |
| Topical Term | Biology |
| Topical Term | Variation (Biology) |
| 856 40 - ELECTRONIC LOCATION AND ACCESS | |
| Uniform Resource Identifier | http://site.ebrary.com/lib/rucke/Doc?id=10518906 |
No items available.
